البيان المُغْرِب في اختصار أخبار ملوك الأندلس والمغرب ;; albayan almughrib fi akhtisar 'akhbar muluk al'andalus walmaghrib / (Record no. 79588)
[ view plain ]
| 000 -LEADER | |
|---|---|
| fixed length control field | 00778nam a2200205 4500 |
| 001 - CONTROL NUMBER | |
| control field | 79588 |
| 003 - CONTROL NUMBER IDENTIFIER | |
| rucl marc code | BD-RjUL |
| 005 - DATE AND TIME OF LATEST TRANSACTION | |
| control field | 20220321162937.0 |
| 008 - FIXED-LENGTH DATA ELEMENTS--GENERAL INFORMATION | |
| fixed length control field | 220321s1930 |||||||| |||| 00| 0 ara d |
| 035 ## - SYSTEM CONTROL NUMBER | |
| System control number | (BD-RjUL)79588 |
| 040 ## - CATALOGING SOURCE | |
| Original cataloging agency | BD-RjUL |
| Language of cataloging | eng |
| Transcribing agency | BD-RjUL |
| 041 ## - LANGUAGE CODE | |
| Language code of text/sound track or separate title | eng |
| 082 ## - DEWEY DECIMAL CLASSIFICATION NUMBER | |
| Edition number | 23 |
| Classification number | 961 |
| Author mark and year | MAB 1930 |
| 100 ## - MAIN ENTRY--PERSONAL NAME | |
| Personal name | المراكشي, ابن عذاري ;; Marrakchi, Ibn Adhari |
| 9 (RLIN) | 1948 |
| 245 ## - TITLE STATEMENT | |
| Title | البيان المُغْرِب في اختصار أخبار ملوك الأندلس والمغرب ;; albayan almughrib fi akhtisar 'akhbar muluk al'andalus walmaghrib / |
| Statement of responsibility, etc. | ibn adhari almarakishii;;; ابن عذاري المراكشي |
| 264 ## - PRODUCTION, PUBLICATION, DISTRIBUTION, MANUFACTURE, AND COPYRIGHT NOTICE | |
| Place of production, publication, distribution, manufacture | paris : |
| Name of producer, publisher, distributor, manufacturer | librairie orientaliste , |
| Date of production, publication, distribution, manufacture, or copyright notice | 1930 |
| 300 ## - PHYSICAL DESCRIPTION | |
| Pagination | 318 p. ; |
| Size | 23 cm |
| 651 ## - SUBJECT ADDED ENTRY--GEOGRAPHIC NAME | |
| Geographic name | Morocco |
| 9 (RLIN) | 1949 |
| 942 ## - ADDED ENTRY ELEMENTS (KOHA) | |
| Source of classification or shelving scheme | Dewey Decimal Classification |
| Koha item type | Books |
| Lost status | Source of classification or shelving scheme | Damaged status | Not for loan | Collection code | Permanent Location | Current Location | Shelving location | Date acquired | Total Checkouts | Full call number | Date last seen | Copy number | Koha item type |
|---|---|---|---|---|---|---|---|---|---|---|---|---|---|
| Dewey Decimal Classification | Not For Loan | Non-fiction | Central Library, University of Rajshahi | Central Library, University of Rajshahi | Reading Room | 21/03/2022 | A 961 MAB 1930 | 21/03/2022 | C-1 | Books |